Statistics for Disney Characters

Click here to take the quiz!

General Stats

  • This quiz has been taken 2,688 times
  • The average score is 5 of 10

Answer Stats

CHARACTERSFILM% Correct
Maximus, Pascal, FlynnTangled
79%
Meeko, Percy, PowhatanPocahontas
73%
Lenny, Hannah, Bo-PeepToy Story
66%
Babette/Fifi, Philippe, LefouBeauty and the Beast
58%
Edgar, Adelaide, Uncle WaldoThe Aristocats
57%
Charles Muntz, Dug, KevinUp
56%
Lady Cluck, Skippy, Sir HissRobin Hood
53%
Louie, Carlotta, AlanaThe Little Mermaid
25%
Snoops, Nero, Ellie-MaeThe Rescuers
25%
Jenny, Desoto, WinstonOliver and Company
20%

Score Distribution

Percentile by Number Answered

Percent of People with Each Score

Your Score History

You have not taken this quiz